Memorias de un desmemoriado / (Record no. 115806)

MARC details
000 -LEADER
campo de control de longitud fija 00941nam a2200205 i 4500
001 - NÚMERO DE CONTROL
campo de control 115806
003 - IDENTIFICADOR DE NÚMERO DE CONTROL
campo de control ES-MaACL
005 - FECHA Y HORA DE LA ÚLTIMA TRANSACCIÓN
campo de control 20231230062955.0
007 - CAMPO FIJO DE DESCRIPCIÓN FÍSICA--INFORMACIÓN GENERAL
campo de control de longitud fija t|
008 - DATOS DE LONGITUD FIJA--INFORMACIÓN GENERAL
campo de control de longitud fija 070517q1916 sp |||| |aspa d
080 ## - NÚMERO DE LA CLASIFICACIÓN DECIMAL UNIVERSAL
Número de la Clasificación Decimal Universal 821.134.2-94"19"
100 1# - ENTRADA PRINCIPAL--NOMBRE DE PERSONA
Nombre de persona Ruiz Contreras, Luis,
Fechas asociadas al nombre 1863-1953
9 (RLIN) 100711
245 10 - MENCIÓN DEL TÍTULO
Título Memorias de un desmemoriado /
Mención de responsabilidad, etc. por Luis Ruiz Contreras.
260 ## - PUBLICACIÓN, DISTRIBUCIÓN, ETC.
Lugar de publicación, distribución, etc. Madrid :
Nombre del editor, distribuidor, etc. [s.n,
Fecha de publicación, distribución, etc. 1916?] (
Fabricante A. Marzo)
300 ## - DESCRIPCIÓN FÍSICA
Extensión 2 v. (144, 222 p.) ;
Dimensiones 19 cm.
500 ## - NOTA GENERAL
Nota general Prólogo del v. 1 fechado en noviembre de 1916.
505 8# - NOTA DE CONTENIDO CON FORMATO
Nota de contenido con formato Contiene: 1. Fragmentos. Tres moradas (Menéndez Pelayo, Galdós, Pereda). Divagaciones. Consejos vanos. Reminiscencias familiares - 2. El crítico y su crítico. Una dedicatoria impertinente. Quién era Palmerín de Oliva. El arte de novelar. La nueva literatura
852 ## - LOCALIZACIÓN
Ubicación ES-MaACL
Número de control de estantería A-4075-76
Nota libre . - Dedicatoria autógr. del autor a Bernardo G. de Candamo
Holdings
Estatus retirado Estado de pérdida Estado de daño No para préstamo Biblioteca de origen Biblioteca actual Ubicación en estantería Fecha de adquisición Fuente de adquisición Total de préstamos Signatura topográfica completa Código de barras Visto por última vez Precio de reemplazo Tipo de ítem Koha
        Biblioteca del Ateneo de Madrid Biblioteca del Ateneo de Madrid Sala Pecera Planta 1 17/01/2008     A-4075-76 1120765 23/02/2023 23/02/2023 Libro impreso